<?xml version="1.0" encoding="UTF-8"?>
<record
    xmlns:xsi="http://www.w3.org/2001/XMLSchema-instance"
    xsi:schemaLocation="http://www.loc.gov/MARC21/slim http://www.loc.gov/standards/marcxml/schema/MARC21slim.xsd"
    xmlns="http://www.loc.gov/MARC21/slim">

  <leader>00985nms a22002537a 4500</leader>
  <controlfield tag="003">NALT</controlfield>
  <controlfield tag="005">20250807151536.0</controlfield>
  <controlfield tag="006">a|||psr|||| 00| 0</controlfield>
  <controlfield tag="007">c| aa aaaaaaaa</controlfield>
  <controlfield tag="008">220119b        th ||||| |||| 00| 0 tha d</controlfield>
  <datafield tag="022" ind1=" " ind2=" ">
    <subfield code="a">24653756</subfield>
  </datafield>
  <datafield tag="040" ind1=" " ind2=" ">
    <subfield code="a">NALT</subfield>
  </datafield>
  <datafield tag="041" ind1=" " ind2=" ">
    <subfield code="a">tha</subfield>
  </datafield>
  <datafield tag="245" ind1="0" ind2="0">
    <subfield code="a">&#xE01;&#xE32;&#xE23;&#xE2A;&#xE37;&#xE48;&#xE2D;&#xE2A;&#xE32;&#xE23;&#xE41;&#xE25;&#xE30;&#xE01;&#xE32;&#xE23;&#xE08;&#xE31;&#xE14;&#xE01;&#xE32;&#xE23; &#xE19;&#xE34;&#xE14;&#xE49;&#xE32;</subfield>
  </datafield>
  <datafield tag="246" ind1="3" ind2="1">
    <subfield code="a">Journal of communication and management NIDA </subfield>
  </datafield>
  <datafield tag="260" ind1=" " ind2=" ">
    <subfield code="a">&#xE04;&#xE13;&#xE30;&#xE19;&#xE34;&#xE40;&#xE17;&#xE28;&#xE28;&#xE32;&#xE2A;&#xE15;&#xE23;&#xE4C;&#xE41;&#xE25;&#xE30;&#xE19;&#xE27;&#xE31;&#xE15;&#xE01;&#xE23;&#xE23;&#xE21;&#xE01;&#xE32;&#xE23;&#xE08;&#xE31;&#xE14;&#xE01;&#xE32;&#xE23; &#xE2A;&#xE16;&#xE32;&#xE1A;&#xE31;&#xE19;&#xE1A;&#xE31;&#xE13;&#xE11;&#xE34;&#xE15;&#xE1E;&#xE31;&#xE12;&#xE19;&#xE1A;&#xE23;&#xE34;&#xE2B;&#xE32;&#xE23;&#xE28;&#xE32;&#xE2A;&#xE15;&#xE23;&#xE4C;</subfield>
  </datafield>
  <datafield tag="310" ind1=" " ind2=" ">
    <subfield code="a">&#xE23;&#xE32;&#xE22;&#xE2A;&#xE35;&#xE48;&#xE40;&#xE14;&#xE37;&#xE2D;&#xE19;</subfield>
  </datafield>
  <datafield tag="500" ind1=" " ind2=" ">
    <subfield code="a">&#xE27;&#xE32;&#xE23;&#xE2A;&#xE32;&#xE23;&#xE2D;&#xE34;&#xE40;&#xE25;&#xE47;&#xE01;&#xE17;&#xE23;&#xE2D;&#xE19;&#xE34;&#xE01;&#xE2A;&#xE4C;</subfield>
  </datafield>
  <datafield tag="650" ind1=" " ind2="0">
    <subfield code="9">60</subfield>
    <subfield code="a">&#xE01;&#xE32;&#xE23;&#xE2A;&#xE37;&#xE48;&#xE2D;&#xE2A;&#xE32;&#xE23;</subfield>
  </datafield>
  <datafield tag="850" ind1=" " ind2=" ">
    <subfield code="a">NALT</subfield>
  </datafield>
  <datafield tag="856" ind1="4" ind2="0">
    <subfield code="u">https://so12.tci-thaijo.org/index.php/jcmn/issue/archive</subfield>
  </datafield>
  <datafield tag="942" ind1=" " ind2=" ">
    <subfield code="c">EJN</subfield>
    <subfield code="2">lcc</subfield>
  </datafield>
  <datafield tag="996" ind1=" " ind2=" ">
    <subfield code="a">jintana.i</subfield>
    <subfield code="b">SERSTF</subfield>
    <subfield code="c">2025-08-07</subfield>
  </datafield>
  <datafield tag="999" ind1=" " ind2=" ">
    <subfield code="c">98905</subfield>
    <subfield code="d">98905</subfield>
  </datafield>
  <datafield tag="998" ind1=" " ind2=" ">
    <subfield code="j">755</subfield>
    <subfield code="k"> &#xE19;&#xE32;&#xE07;&#xE08;&#xE34;&#xE19;&#xE15;&#xE19;&#xE32;  &#xE40;&#xE2D;&#xE35;&#xE48;&#xE22;&#xE21;&#xE04;&#xE07;</subfield>
  </datafield>
</record>
